000 00886nam a2200265 a 4500
003 MX-MxUPN
005 20241001063909.0
008 991125s1940 ag fr 000 0 spa d
035 _aUPN01000044734
040 _aMX-MxUPN
_bspa
_cMX-MxUPN
041 _aspa
050 4 _aLB1570
_bE6.8
100 1 _aRandall Maguire, Edward
_953332
245 1 3 _aEl plan de los grupos de estudio
260 _aBuenos Aires :
_bEditorial Losada,
_c1940.
300 _a172 páginas
490 0 _aPublicaciones de la revista de pedagogía. La escuela activa ;
_v2
650 4 _aEducación primaria
_vPlanes y programas
_99146
650 4 _aEnseñanza individualizada
_96835
700 1 _953331
_aLuzuriaga, Carlos
_etraducción
710 2 _aInstituto Nacional de Pedagogía (México)
_epropietario anterior
_928088
902 _bMaríaRobles/2970824
905 _aLibro
942 _2lcc
_cLIBRO
_n0
999 _c44734
_d44734